music trivia: musical "e's" - Statistics

General Stats
  • This quiz has been taken 35 times
  • The average score is 8 of 15
Answer Stats
Hint Answer % Correct
Collectively, David Stewart and Annie Lennox are... The Eurythmics
90%
For some reason Reg Dwight changed his name on the cusp of superstardom. It's hard to question the decision since he's sold 300 million under this replacement moniker. Elton John
84%
Duane Allman was one of the guitar players on the song "Layla" by Derek and the Dominoes. Who is the other guitarist on that song? Eric Clapton
81%
Axl Rose claimed that his girlfriend at the time, Erin, inspired the lyrics to the song "Sweet Child o' Mine". Erin's father Don and his brother Phil were a popular duo with such #1 hits as; "Bye Bye Love", "All I Have to Do is Dream", and "Cathy's Clown". What is the surname shared by Erin, Phil and Don? Everly
77%
With multi-platinum hits like; Castle on the Hill, Shape of You, and Thinking Out Loud, this UK singer-songwriter is one of todays biggest hit-makers. Ed Sheeran
74%
The hit single "Save Tonight" was released by the half-brother of Neneh Cherry with this unusual, but very real first name. Eagle-Eye
61%
This song was Barbra Streisand's second #1 hit. It's also known as "Love Theme from A Star is Born", but the alternate title starts with an "e", it is... Evergreen
58%
Declan MacManus' alter ego. Elvis Costello
55%
She sang "At Last", "A Sunday Kind of Love", "Tell Mama", and "Roll with Me Henry" (AKA Dance with Me Henry), and she was portrayed by Beyonce in the 2008 movie "Cadillac Records. Etta James
55%
Ironically, this song was actually the second from the last track on The Beatles' Abbey Road album. The End
52%
Many critics consider this 1972 Rolling Stones album one of their best. Exile on Main St.
45%
Released to almost universal critical acclaim and commercial success, this 2003 album by The White Stripes contains their blockbuster hit, "Seven Nation Army" as well as a cover of the Bacharach/David song, "I Just Don't Know What to Do with Myself". Elephant
29%
This song was a critical and popular success, and one of Elle King's biggest singles. Ex's & Oh's
29%
A 1948 musical film with Fred Astaire and Judy Garland. Songs by Irving Berlin include, "Steppin' Out with My Baby" and the title song. Easter Parade
26%
The lyrics of this song express displeasure at coming home to find the house dark and the pots cold. From 1969, this was one of Santana's earliest and biggest hits. Evil Ways
23%
No matching quizzes found
Score Distribution
Percent of People with Each Score
Percentile by Number Answered
Your Score History
You have not taken this quiz